00202nam a22000977a 4500003000400000082001300004100001900017245003000036260003000066300000800096SGT a370bAGR aAGARWAL, PRITI aSAMAJSHASTR AWM MNOVIGAN  aJAIPUR bJAIN PUB. c2016 a208